000
00226 a2200109 4500
020
_a
9788426420626
041
_a
spa
100
_a
Kate Atkinson
245
_a
Me desperte temprano y saque al Perro
942
_c
BK
952
_7
1
999
_c
24494
_d
24494